Animaux en images par lettre - F - Statistiques

Statistiques générales
  • Ce quiz a été pris 28 009 fois
  • Le résultat moyen est 8 sur 16
Statistiques - réponses
Par images Réponse % Correct
Fourmi
100%
Flamant rose
92%
Frelon
84%
Fennec
82%
Faucon
78%
Furet
73%
Fourmilier
68%
Faisan
67%
Fouine
59%
Fox-terrier
43%
Faucheux
24%
Fou de bassan
16%
Fauvette
9%
Fossa
8%
Frégate
8%
Flambé
4%
Aucun quiz correspondant
Distribution des résultats
% des personnes avec chaque résultat
Percentile par nombre de réponses
Votre historique - résultats
Vous n’avez pas pris ce quiz